[Event "ITA-ch U20"]
[Site "Tarvisio"]
[Date "2023.07.08"]
[Round "8"]
[White "Peloni, Davide"]
[Black "Zavattero, Luca"]
[Result "1-0"]
[WhiteElo "1930"]
[BlackElo "1819"]
[PlyCount "53"]
[EventDate "2023.07.02"]
[EventType "swiss"]
[EventRounds "9"]
[EventCountry "ITA"]
[SourceTitle "EXT 2024"]
[Source "ChessBase"]
[SourceDate "2023.10.10"]
[SourceVersion "1"]
[SourceVersionDate "2023.10.10"]
[SourceQuality "1"]

1. Nf3 f5 2. d3 Nf6 3. e4 d6 4. exf5 Bxf5 5. d4 Nbd7 6. Bc4 e5 7. dxe5 Nxe5 8. Nxe5 dxe5 9. Qe2 Bb4+ 10. Nc3 Qe7 11. Qf3 Be4 12. Qh3 Bd5 13. Bb3 0-0 14. 0-0 Bxb3 15. axb3 a6 16. Qg3 Rae8 17. Bg5 Bxc3 18. Qxc3 Kh8 19. Rfe1 h6 20. Bh4 c6 21. Rad1 Qc7 22. Bg3 Re7 23. Bxe5 Qb6 24. Qg3 Nh5 25. Qh4 Ref7 26. Bd4 Rf4 27. Qxf4 1-0

[Event "Olbia CIG U16 24th"]
[Site "Olbia"]
[Date "2016.06.27"]
[Round "3"]
[White "Zavattero, Luca"]
[Black "Bettalli, Francesco"]
[Result "0-1"]
[WhiteElo "1552"]
[BlackElo "1953"]
[PlyCount "43"]
[EventDate "2016.06.26"]
[EventType "swiss"]
[EventRounds "9"]
[EventCountry "ITA"]
[SourceTitle "EXT 2024"]
[Source "ChessBase"]
[SourceDate "2023.10.10"]
[SourceVersion "1"]
[SourceVersionDate "2023.10.10"]
[SourceQuality "1"]

1. e4 c5 2. Nc3 Nc6 3. f4 g6 4. Nf3 Bg7 5. Bc4 e6 6. d3 Nge7 7. 0-0 d5 8. Bb3 0-0 9. Qe1 Nd4 10. Bd2 c4 11. dxc4 dxc4 12. Ba4 b5 13. Nxb5 Nxb5 14. Bxb5 Qb6+ 15. Kh1 Qxb5 16. Qh4 Nc6 17. Ng5 h6 18. Rf3 hxg5 19. fxg5 e5 20. Raf1 Be6 21. Rg3 c3 22. Bc1 0-1